Statistiken für Fahrzeuge der Ruhrbahn GmbH (2024)

Klicken Sie hier um das Quiz zu spielen!

Allgemein

  • Dieses Quiz wurde 2 mal gespielt
  • Das Durchschnittsergebnis liegt bei 4 aus 18

Antwortstatistiken

Antwort% Korrekt
Mercedes-Benz Citaro C2
100%
Alstom M8D-NF4
50%
Bombardier M8D-NF2
50%
Bombardier M8D-NF3
50%
DÜWAG M8C
50%
DWA M8D-NF
50%
Mercedes-Benz Citaro C2 G
50%
DÜWAG B100S
0%
DÜWAG B80C
0%
DÜWAG MGT6D
0%
MAN A23 Lion's City G NG323
0%
Mercedes-Benz Citaro C2 G Hybrid
0%
Mercedes-Benz Citaro C2 Hybrid
0%
Mercedes-Benz O530 Citaro Facelift
0%
Mercedes-Benz O530 Citaro Facelift G
0%
Mercedes-Benz Sprinter City 75
0%
Windhoff SF50
0%
York P89
0%

Verteilung der Resultate

Perzentil nach korrekt beantworteten Fragen

Anzahl Personen mit jedem Resultat

Ihre Resultats-Entwicklung

Sie haben dieses Quiz noch nicht gespielt